000 02061cam a2200349 i 4500
003 SA-RiAUC
005 20241120135112.0
008 241114s1995 le g b 00000 ara c
024 0 _a33000000002285
024 0 _a77000000008133
040 _aSA-RiAUC
_bara
_cSA-RiAUC
_erda
050 4 _b.I26 1995
082 0 4 _a252.29
_qSA-RiAUC
090 _a252.29
_b ا ب ن ط
100 1 _aابن طولون، محمد بن علي بن أحمد،
_d880-953 هجري
_eمؤلف.
245 1 2 _aالترشيح لبيان صلاة التسبيح /
_cتأليف الحافظ العلامة محمد بن علي بن طولون الدمشقي. ويليه كتاب الدعاء / أبو عبد الله الحسين بن إسماعيل بن محمد المحاملي. ويليه الدعاء : آدابه وأسبابه / عفيف الدين عبد الله بن أسعد بن علي اليافعي ؛ حققه وعلق عليه مسعد عبد الحميد محمد السعدني.
250 _aالطبعة الأولى.
264 1 _aبيروت :
_bدار الكتب العلمية،
_c1995
300 _a160 صفحة ؛
_c24 سم
336 _aنص
_btxt
_2rdacontent
_3كتاب
337 _aبدون وسيط
_bn
_2rdamedia
338 _aمجلد
_bnc
_2rdacarrier
504 _aيشتمل على إرجاعات ببليوجرافية.
650 7 _aالصلاة (إسلام)
_2aucsh
650 7 _aصلاة التسابيح
_2aucsh
700 1 _aالسعدني، مسعد عبد الحميد محمد
_eمحقق.
700 1 2 _iتحقيق لـ (عمل) :
_aابن طولون، محمد بن علي بن أحمد،
_d880-953 هجري.
_tالترشيح لبيان صلاة التسبيح.
700 1 2 _iمع (عمل) :
_aالمحاملي، الحسين بن إسماعيل بن محمد،
_d235-330 هجري.
_tالدعاء.
700 1 2 _iمع (عمل) :
_aاليافعي، عبد الله بن أسعد بن علي،
_d698-768 هجري.
_tالدعاء : آدابه وأسبابه.
942 _2ddc
_cBOOK
_n0
949 _aSA-JeALM
_d241114
_umohamedma123
_n1
999 _c2589
_d2589